2022 FIFA World Cup Teams - Guess the Group Assignments Click Quiz - Statistics

General Stats
  • This quiz has been taken 1,756 times
  • The average score is 19 of 32
Answer Stats
Hint Answer % Correct
Qatar Group A
78%
Ecuador Group A
74%
Netherlands Group A
70%
Senegal Group A
70%
Iran Group B
68%
England Group B
67%
Wales Group B
66%
Argentina Group C
66%
United States Group B
65%
Mexico Group C
63%
Portugal Group H
63%
Uruguay Group H
62%
Saudi Arabia Group C
61%
Poland Group C
61%
France Group D
61%
Ghana Group H
61%
South Korea Group H
60%
Tunisia Group D
58%
Spain Group E
58%
Denmark Group D
57%
Germany Group E
56%
Australia Group D
55%
Brazil Group G
55%
Switzerland Group G
55%
Japan Group E
54%
Costa Rica Group E
54%
Belgium Group F
54%
Serbia Group G
54%
Morocco Group F
53%
Canada Group F
53%
Croatia Group F
52%
Cameroon Group G
51%
No matching quizzes found
Score Distribution
Percent of People with Each Score
Percentile by Number Answered
Your Score History
You have not taken this quiz